Human Resource Management (Record no. 815)

MARC details
000 -LEADER
fixed length control field 00424nam a22001697a 4500
005 - DATE AND TIME OF LATEST TRANSACTION
control field 20180806112121.0
008 - FIXED-LENGTH DATA ELEMENTS--GENERAL INFORMATION
fixed length control field 160514b xxu||||| |||| 00| 0 eng d
020 ## - INTERNATIONAL STANDARD BOOK NUMBER
ISBN 978-0-07-0660220-5
041 ## - LANGUAGE CODE
Language code of text/sound track or separate title eng
082 ## - DEWEY DECIMAL CLASSIFICATION NUMBER
Item number 2184
Classification number 658.3
100 ## - MAIN ENTRY--AUTHOR NAME
Personal name K. Aswathappa
245 ## - TITLE STATEMENT
Title Human Resource Management
260 ## - PUBLICATION, DISTRIBUTION, ETC. (IMPRINT)
Place of publication New Delhi
Name of publisher Mc Graw Hill Companies,
Year of publication 2009
300 ## - PHYSICAL DESCRIPTION
Number of Pages 714p,
650 ## - SUBJECT ADDED ENTRY--TOPICAL TERM
Topical Term Management
942 ## - ADDED ENTRY ELEMENTS (KOHA)
Koha item type Books
Holdings
Lost status Damaged status Collection code Home library Current library Shelving location Date acquired Full call number Accession Number Koha item type
    MANAGEMENT JRU Library JRU Library SHELF-63-D 14/05/2016 658.3 2184 Books
    MANAGEMENT JRU Library JRU Library   14/05/2016 658.3 2185 Books
    MANAGEMENT JRU Library JRU Library SHELF-63-D 14/05/2016 658.3 2186 Books
    MANAGEMENT JRU Library JRU Library SHELF-63-D 14/05/2016 658.3 2187 Books
    Reference JRU Library   SHELF-30-F 14/05/2016 658.3 2188 Books
    MANAGEMENT JRU Library JRU Library SHELF-63-D 14/05/2016 658.3 2189 Books
    MANAGEMENT JRU Library JRU Library SHELF-63-D 14/05/2016 658.3 2190 Books
    MANAGEMENT JRU Library JRU Library SHELF-30-D 14/05/2016 658.3 2191 Books